Statistics for All 50k+ Cities in Norway with a Map

Click here to take the quiz!

General Stats

  • This quiz has been taken 2,277 times
  • The average score is 11 of 19

Answers on the Map

Answers color-coded by a green-red scale on the quiz's map according to % correct below.
 

Answer Stats

PopulationCity% Correct
693,494Oslo
100%
283,929Bergen
97%
205,163Trondheim
92%
143,574Stavanger
85%
76,974Tromsø
84%
111,633Kristiansand
78%
101,386Drammen
65%
52,357Bodø
63%
66,258Ålesund
59%
82,385Fredrikstad
53%
79,537Sandnes
41%
54,942Skien
41%
85,983Lillestrøm
37%
56,293Tønsberg
36%
56,732Sarpsborg
34%
63,764Sandefjord
33%
127,731Bærum
32%
94,441Asker
29%
59,288Nordre Follo
7%

Score Distribution

Percentile by Number Answered

Percent of People with Each Score

Your Score History

You have not taken this quiz